000 00326nam a22001337a 4500
008 170824b xxu||||| |||| 00| 0 eng d
020 _a0817636609
041 _aeng
080 _a51
100 _a38
101 _aMAT
245 _aDISCRIMINATNS, RESULTANTS AND MULTIDIMENSIONAL DETERMINANTS
_cGELFAND,I.M
942 _2udc
_cBK
999 _c24756
_d24756